Państwa graniczące z Bałtykiem - Statystyki

Ogólne statystyki
  • Ten quiz został rozwiązany 119 razy
  • Średni wynik to 9 z 9
Statystyki odpowiedzi
Hint Odpowiedź % Poprawnych
425 km Polska
99%
202 km Rosja
99%
433 km Łotwa
98%
1320 km Szwecja
98%
991 km FInlandia
97%
378 km Niemcy
97%
67 km Litwa
96%
456 km Estonia
95%
169 km Dania
94%
Nie znaleziono quizów pasujących do podanych kryteriów
Rozkład punktacji
Procent ludzi z każdym wynikiem
Percentyl według liczby udzielonych odpowiedzi
Twoja historia wyników
Nie rozwiązałeś tego quizu